Normal view MARC view
  • Barrett-Lennard, Godfrey T.

Entry Personal Name

Number of records used in: 3

001 - CONTROL NUMBER

  • control field: 4050

003 - CONTROL NUMBER IDENTIFIER

  • control field: NUST

005 - DATE AND TIME OF LATEST TRANSACTION

  • control field: 20170823142749.0

008 - FIXED-LENGTH DATA ELEMENTS

  • fixed length control field: 170823|| aca||aabn | a|a d

040 ## - CATALOGING SOURCE

  • Original cataloging agency: NUST
  • Transcribing agency: NUST

100 ## - HEADING--PERSONAL NAME

  • Personal name: Barrett-Lennard, Godfrey T.

670 ## - SOURCE DATA FOUND

  • Source citation: Work cat.: (NUST)0: Barrett-Lennard, Godfrey T., Carl Rogers' helping system :, 1998.
© 2023 Central Library, National University of Sciences and Technology. All Rights Reserved.